[Event "Balatonalmadi Pannonia Cup 20th"]
[Site "Balatonalmadi"]
[Date "2015.08.01"]
[Round "6"]
[White "Burghardt, Jozsef"]
[Black "Nagybiro, Laszlo"]
[Result "0-1"]
[WhiteElo "2207"]
[BlackElo "2029"]
[PlyCount "84"]
[EventDate "2015.07.29"]
[EventType "swiss"]
[EventRounds "7"]
[EventCountry "HUN"]
[SourceTitle "EXT 2016"]
[Source "ChessBase"]
[SourceDate "2015.10.08"]
[SourceVersion "1"]
[SourceVersionDate "2015.10.08"]
[SourceQuality "1"]

1. e4 e5 2. f4 exf4 3. Nf3 h6 4. d4 g5 5. Nc3 Bg7 6. g3 fxg3 7. hxg3 d6 8. Be3 Nc6 9. Qd2 Bg4 10. Be2 Nf6 11. d5 Bxf3 12. Bxf3 Ne5 13. Be2 a6 14. 0-0-0 b5 15. a3 Rb8 16. Rdf1 b4 17. axb4 Rxb4 18. Bd4 Qb8 19. b3 Nfd7 20. Na2 Rxd4 21. Qxd4 Nc5 22. Qb4 Qxb4 23. Nxb4 Nxe4 24. Rhg1 0-0 25. Bxa6 Rb8 26. Nc6 Nxc6 27. dxc6 Ra8 28. Re1 Rxa6 29. Rxe4 Ra1+ 30. Kd2 Rxg1 31. Re8+ Kh7 32. Re7 Rg2+ 33. Kd1 Rxg3 34. Rxf7 Rc3 35. Rxc7 g4 36. Kd2 Rc5 37. b4 Rc4 38. Kd3 d5 39. b5 g3 40. Re7 g2 41. Re1 Rc3+ 42. Kd2 Rc5 0-1

[Event "Balatonalmadi Pannonia Cup 20th"]
[Site "Balatonalmadi"]
[Date "2015.07.29"]
[Round "1"]
[White "Zurek, Jacek"]
[Black "Burghardt, Jozsef"]
[Result "0-1"]
[WhiteElo "1871"]
[BlackElo "2207"]
[PlyCount "86"]
[EventDate "2015.07.29"]
[EventType "swiss"]
[EventRounds "7"]
[EventCountry "HUN"]
[SourceTitle "EXT 2016"]
[Source "ChessBase"]
[SourceDate "2015.10.08"]
[SourceVersion "1"]
[SourceVersionDate "2015.10.08"]
[SourceQuality "1"]

1. c4 e5 2. Nc3 Bb4 3. g3 f5 4. Bg2 Nf6 5. d3 0-0 6. Bd2 a5 7. Nh3 c6 8. e4 Na6 9. 0-0 Nc7 10. Na4 Ne6 11. exf5 Nd4 12. g4 Bxd2 13. Qxd2 Nxg4 14. f4 d6 15. fxe5 dxe5 16. Rae1 Bxf5 17. Kh1 Qd6 18. c5 Qg6 19. Nf2 Nxf2+ 20. Rxf2 Rae8 21. Nb6 Bg4 22. Re3 Nf5 23. Nd7 Nxe3 24. Rxf8+ Rxf8 25. Nxf8 Qh6 26. Qxa5 Qf6 27. Nd7 Bxd7 28. Qa8+ Kf7 29. Qxb7 Ke7 30. Qc7 Nxg2 31. Kxg2 Qe6 32. b4 Qxa2+ 33. Kg3 Qd5 34. Kf2 Qd4+ 35. Kg2 Kf6 36. h4 Qd5+ 37. Kh2 h6 38. Qd8+ Kg6 39. Qe7 Qe6 40. h5+ Kxh5 41. Qxg7 Qh3+ 42. Kg1 Qg4+ 43. Qxg4+ Kxg4 0-1

[Event "HUN-chT2 Breyer 1415"]
[Site "Hungary"]
[Date "2015.02.08"]
[Round "?"]
[White "Burghardt, Jozsef"]
[Black "Dudas, Janos"]
[Result "1/2-1/2"]
[WhiteElo "2188"]
[BlackElo "2324"]
[PlyCount "27"]
[EventDate "2014.09.07"]
[EventType "team-tourn"]
[EventRounds "11"]
[EventCountry "HUN"]
[SourceTitle "EXT 2016"]
[Source "ChessBase"]
[SourceDate "2015.10.08"]
[SourceVersion "1"]
[SourceVersionDate "2015.10.08"]
[SourceQuality "1"]
[WhiteTeam "Turul"]
[BlackTeam "Torokbalint"]
[WhiteTeamCountry "HUN"]
[BlackTeamCountry "HUN"]

1. e4 e5 2. f4 d5 3. exd5 e4 4. Bb5+ Bd7 5. Bc4 b5 6. Bb3 Nf6 7. Ne2 Bc5 8. d4 exd3 9. cxd3 0-0 10. d4 Bb6 11. a3 Bg4 12. Nbc3 Ba5 13. 0-0 Re8 14. Qd3 1/2-1/2

[Event "HUN-chT2 Breyer 1314"]
[Site "Hungary"]
[Date "2013.11.03"]
[Round "4"]
[White "Burghardt, Jozsef"]
[Black "Dudas, Janos"]
[Result "1/2-1/2"]
[WhiteElo "2217"]
[BlackElo "2332"]
[PlyCount "59"]
[EventDate "2013.09.08"]
[EventType "team-tourn"]
[EventRounds "9"]
[EventCountry "HUN"]
[SourceTitle "EXT 2016"]
[Source "ChessBase"]
[SourceDate "2015.10.08"]
[SourceVersion "1"]
[SourceVersionDate "2015.10.08"]
[SourceQuality "1"]
[WhiteTeam "Tatabanya Turul"]
[BlackTeam "Torokbalint"]
[WhiteTeamCountry "HUN"]
[BlackTeamCountry "HUN"]

1. e4 d6 2. d4 Nf6 3. f3 e5 4. dxe5 dxe5 5. Qxd8+ Kxd8 6. Bc4 Be6 7. Bxe6 fxe6 8. Be3 Bd6 9. Nd2 Ke7 10. Ne2 Nbd7 11. 0-0-0 b5 12. g4 Bc5 13. Bxc5+ Nxc5 14. Nf1 Raf8 15. Ne3 h5 16. h3 Nfd7 17. Rdf1 Rf7 18. b4 Nb7 19. Kd2 Nd6 20. Nc3 hxg4 21. Nxg4 a5 22. a3 Nc4+ 23. Ke2 Nxa3 24. bxa5 b4 25. Na2 c5 26. Ne3 Ra8 27. Nc1 Rxa5 28. Nd3 Rf8 29. Rhg1 Rf7 30. Ra1 1/2-1/2

[Event "HUN-chT2 Breyer 1213"]
[Site "Hungary"]
[Date "2013.04.07"]
[Round "10.1"]
[White "Burghardt, Jozsef"]
[Black "Nagy, Hunor"]
[Result "1-0"]
[WhiteElo "2207"]
[BlackElo "2012"]
[PlyCount "71"]
[EventDate "2012.09.16"]
[EventType "team-tourn"]
[EventRounds "11"]
[EventCountry "HUN"]
[SourceTitle "EXT 2014"]
[Source "ChessBase"]
[SourceDate "2013.11.20"]
[SourceVersion "1"]
[SourceVersionDate "2013.11.20"]
[SourceQuality "1"]
[WhiteTeam "Turul"]
[BlackTeam "Szechenyi"]
[WhiteTeamCountry "HUN"]
[BlackTeamCountry "HUN"]

1. e4 e5 2. f4 exf4 3. Nf3 Ne7 4. d4 Ng6 5. Bc4 d6 6. 0-0 Nc6 7. Nc3 Bg4 8. Ne2 Qd7 9. Bb5 a6 10. Ba4 b5 11. Bb3 Na5 12. Nxf4 Nxb3 13. axb3 Nxf4 14. Bxf4 h6 15. Qd2 g5 16. Be3 Bg7 17. d5 Bxf3 18. Rxf3 Be5 19. Bd4 Qe7 20. Rf5 0-0 21. Bxe5 dxe5 22. Qc3 f6 23. b4 Rfd8 24. Raf1 Rd6 25. R1f3 Kg7 26. Qc5 Qd7 27. Rc3 Rc8 28. Qa7 Kg6 29. Rff3 g4 30. Rg3 f5 31. h3 h5 32. exf5+ Kxf5 33. Qf2+ Kg6 34. hxg4 hxg4 35. Qe2 Rxd5 36. Rxg4+ 1-0

[Event "HUN-chT2 Breyer 1213"]
[Site "Hungary"]
[Date "2012.11.18"]
[Round "4.2"]
[White "Burghardt, Jozsef"]
[Black "Varga, Vilmos"]
[Result "0-1"]
[WhiteElo "2207"]
[BlackElo "2140"]
[PlyCount "119"]
[EventDate "2012.09.16"]
[EventType "team-tourn"]
[EventRounds "11"]
[EventCountry "HUN"]
[SourceTitle "EXT 2014"]
[Source "ChessBase"]
[SourceDate "2013.11.20"]
[SourceVersion "1"]
[SourceVersionDate "2013.11.20"]
[SourceQuality "1"]
[WhiteTeam "Turul"]
[BlackTeam "Zsambek"]
[WhiteTeamCountry "HUN"]
[BlackTeamCountry "HUN"]

1. e4 e6 2. Nf3 d5 3. e5 c5 4. b4 cxb4 5. d4 Nc6 6. a3 bxa3 7. c3 Bd7 8. Bd3 h6 9. 0-0 Na5 10. Nxa3 a6 11. Ne1 Rc8 12. Nb1 Nc4 13. f4 g6 14. Nf3 Ne7 15. Qb3 Qc7 16. Nh4 Nf5 17. Nxf5 gxf5 18. Ra2 Rg8 19. Qd1 a5 20. Qh5 b5 21. Re2 b4 22. cxb4 axb4 23. Bxf5 Qb6 24. Bxe6 Bxe6 25. f5 Qxd4+ 26. Kh1 Qg4 27. Qxg4 Rxg4 28. fxe6 fxe6 29. h3 Re4 30. Ref2 Be7 31. Bxh6 Nxe5 32. Nd2 Rh4 33. Bg7 Nc4 34. Nb3 Ne3 35. Re1 Nf5 36. Be5 Re4 37. Rxe4 dxe4 38. Re2 Rc3 39. Nd4 Nxd4 40. Bxd4 Rc1+ 41. Kh2 Bd6+ 42. g3 b3 43. Rxe4 Rc2+ 44. Kh1 Kd7 45. Re3 b2 46. Bxb2 Rxb2 47. h4 e5 48. h5 Ke6 49. h6 Rb7 50. g4 Kf6 51. Kg2 Kg5 52. Kf3 Kxh6 53. Ke4 Kg6 54. Kd5 Bb8 55. Re4 Rb1 56. Kc6 Rd1 57. Rb4 Bd6 58. Rb7 Kg5 59. Rg7+ Kf4 60. Rf7+ 0-1

[Event "HUN-chT2 Breyer 1213"]
[Site "Hungary"]
[Date "2012.11.04"]
[Round "3.2"]
[White "Horeczky, Tibor"]
[Black "Burghardt, Jozsef"]
[Result "1/2-1/2"]
[WhiteElo "2187"]
[BlackElo "2207"]
[PlyCount "28"]
[EventDate "2012.09.16"]
[EventType "team-tourn"]
[EventRounds "11"]
[EventCountry "HUN"]
[SourceTitle "EXT 2014"]
[Source "ChessBase"]
[SourceDate "2013.11.20"]
[SourceVersion "1"]
[SourceVersionDate "2013.11.20"]
[SourceQuality "1"]
[WhiteTeam "Szazhalombatta"]
[BlackTeam "Turul"]
[WhiteTeamCountry "HUN"]
[BlackTeamCountry "HUN"]

1. e4 c5 2. Nf3 g6 3. d4 cxd4 4. Qxd4 Nf6 5. e5 Nc6 6. Qa4 Nd5 7. Qe4 Ndb4 8. Bb5 Bg7 9. a3 Na6 10. Nc3 Nc7 11. 0-0 0-0 12. Bxc6 dxc6 13. Rd1 Qe8 14. Qh4 Bf5 1/2-1/2

[Event "HUN-chT2 Breyer 1112"]
[Site "Hungary"]
[Date "2012.03.25"]
[Round "8.1"]
[White "Akots, Gabor"]
[Black "Burghardt, Jozsef"]
[Result "1/2-1/2"]
[WhiteElo "2277"]
[BlackElo "2160"]
[PlyCount "75"]
[EventDate "2011.09.25"]
[EventType "team-tourn"]
[EventRounds "11"]
[EventCountry "HUN"]
[SourceTitle "EXT 2013"]
[Source "ChessBase"]
[SourceDate "2012.11.22"]
[SourceVersion "1"]
[SourceVersionDate "2012.11.22"]
[SourceQuality "1"]
[WhiteTeam "Geniusz Tata"]
[BlackTeam "Turul"]
[WhiteTeamCountry "HUN"]
[BlackTeamCountry "HUN"]

1. e4 c5 2. Nf3 g6 3. d4 cxd4 4. Nxd4 Nf6 5. Nc3 Nc6 6. Nxc6 dxc6 7. Qxd8+ Kxd8 8. Bc4 Bg7 9. a4 Ke8 10. a5 Nd7 11. Be3 Ne5 12. Be2 Be6 13. Ra4 Nd7 14. 0-0 Kd8 15. f4 Bxc3 16. bxc3 f5 17. exf5 gxf5 18. Bf3 Kc7 19. Bd4 Rhe8 20. Rb1 Bd5 21. Bxd5 cxd5 22. Rab4 Reb8 23. c4 e6 24. cxd5 exd5 25. c4 b6 26. axb6+ axb6 27. cxd5 Kd6 28. Bxb6 Nxb6 29. Rxb6+ Rxb6 30. Rxb6+ Kxd5 31. Kf2 Ra3 32. Rb7 Ke4 33. Rb4+ Kd5 34. h3 h5 35. Kg1 h4 36. Kh2 Rc3 37. Rb8 Rc4 38. Rh8 1/2-1/2

[Event "HUN-chT2 Breyer 1112"]
[Site "Hungary"]
[Date "2012.03.11"]
[Round "7.1"]
[White "Burghardt, Jozsef"]
[Black "Gyurkovics, Bence"]
[Result "1/2-1/2"]
[WhiteElo "2160"]
[BlackElo "2188"]
[PlyCount "64"]
[EventDate "2011.09.25"]
[EventType "team-tourn"]
[EventRounds "11"]
[EventCountry "HUN"]
[SourceTitle "EXT 2013"]
[Source "ChessBase"]
[SourceDate "2012.11.22"]
[SourceVersion "1"]
[SourceVersionDate "2012.11.22"]
[SourceQuality "1"]
[WhiteTeam "Turul"]
[BlackTeam "Gyor Komszomol"]
[WhiteTeamCountry "HUN"]
[BlackTeamCountry "HUN"]

1. e4 c6 2. Nc3 d5 3. Qf3 dxe4 4. Nxe4 Nd7 5. d3 Ngf6 6. Bd2 Nxe4 7. dxe4 e5 8. Qg3 Qf6 9. Nf3 Qg6 10. 0-0-0 Qxg3 11. hxg3 f6 12. Nh4 g5 13. Ng6 Rg8 14. Nxf8 Nxf8 15. Bb4 Be6 16. Bxf8 Rxf8 17. Rxh7 Rf7 18. Rh8+ Rf8 19. Rxf8+ Kxf8 20. Be2 Kf7 21. Rh1 Kg7 22. Kd2 Rh8 23. Rxh8 Kxh8 24. Kc3 Kg7 25. Bc4 Bd7 26. a4 b6 27. Kd3 Kf8 28. Ke3 Kg7 29. f4 Kg6 30. b4 Kg7 31. Kf3 Kf8 32. Ba6 Ke7 1/2-1/2

[Event "SVK-chT2B 1112"]
[Site "Slovakia"]
[Date "2011.12.04"]
[Round "6.4"]
[White "Burghardt, Jozsef"]
[Black "Janko, Zoltan"]
[Result "1/2-1/2"]
[WhiteElo "2160"]
[BlackElo "2287"]
[PlyCount "61"]
[EventDate "2011.10.08"]
[EventType "team-tourn"]
[EventRounds "11"]
[EventCountry "SVK"]
[SourceTitle "EXT 2013"]
[Source "ChessBase"]
[SourceDate "2012.11.22"]
[SourceVersion "1"]
[SourceVersionDate "2012.11.22"]
[SourceQuality "1"]
[WhiteTeam "Kamenny Most"]
[BlackTeam "Komarno KSC II"]
[WhiteTeamCountry "SLO"]
[BlackTeamCountry "SVK"]

1. e4 c5 2. Nf3 Nc6 3. d4 cxd4 4. c3 d5 5. exd5 Qxd5 6. cxd4 Bg4 7. Be2 e6 8. Nc3 Qa5 9. 0-0 Nf6 10. h3 Bh5 11. g4 Bg6 12. Ne5 Be7 13. Bb5 Rc8 14. Qf3 Nd5 15. Nc4 Qd8 16. Nxd5 exd5 17. Ne5 0-0 18. Bxc6 Be4 19. Qe2 bxc6 20. Qa6 Bd6 21. f3 Bxe5 22. dxe5 Bg6 23. Qxa7 c5 24. Qa6 c4 25. Bd2 Re8 26. Rfe1 Re6 27. Qa5 Qh4 28. Kg2 d4 29. Rad1 Bd3 30. Qd5 Rd8 31. Qc5 1/2-1/2

[Event "HUN-chT2 Breyer 1112"]
[Site "Hungary"]
[Date "2011.09.26"]
[Round "1.1"]
[White "Juhasz, Mark"]
[Black "Burghardt, Jozsef"]
[Result "1-0"]
[WhiteElo "2193"]
[BlackElo "2160"]
[PlyCount "95"]
[EventDate "2011.09.25"]
[EventType "team-tourn"]
[EventRounds "11"]
[EventCountry "HUN"]
[SourceTitle "EXT 2013"]
[Source "ChessBase"]
[SourceDate "2012.11.22"]
[SourceVersion "1"]
[SourceVersionDate "2012.11.22"]
[SourceQuality "1"]
[WhiteTeam "Zsambek"]
[BlackTeam "Turul"]
[WhiteTeamCountry "HUN"]
[BlackTeamCountry "HUN"]

1. d4 c5 2. d5 Nf6 3. c4 b5 4. cxb5 a6 5. bxa6 d6 6. Nc3 Bxa6 7. g3 g6 8. Bg2 Bg7 9. Nf3 Nfd7 10. Nd2 0-0 11. 0-0 Ne5 12. Qc2 Nc4 13. Nxc4 Bxc4 14. Bd2 Nd7 15. b3 Ba6 16. Rab1 Ra7 17. a4 Qa8 18. Rfe1 Rb8 19. h3 Rab7 20. Nd1 Rb6 21. Ne3 Qb7 22. b4 cxb4 23. a5 Rb5 24. Qc6 Qa7 25. Rec1 Rc8 26. Qxc8+ Bxc8 27. Rxc8+ Nf8 28. Be4 Qxa5 29. Bd3 Rb7 30. Ng4 h5 31. Nh6+ Kh7 32. Nxf7 Qxd5 33. Ng5+ Kh8 34. Be3 e6 35. Be4 Qa2 36. Nxe6 Qxe6 37. Bxb7 b3 38. Rb8 b2 39. Ba6 Kh7 40. Rb7 Nd7 41. h4 Nc5 42. R1xb2 Nxb7 43. Rxb7 Kh8 44. Bd3 Be5 45. Rb4 Qh3 46. Bd4 Qe6 47. Bxe5+ Qxe5 48. Rb5 1-0

[Event "HUN-chT2 Breyer 1011"]
[Site "Hungary"]
[Date "2011.05.15"]
[Round "11.1"]
[White "Burghardt, Jozsef"]
[Black "Juhasz, Mark"]
[Result "1-0"]
[WhiteElo "2151"]
[BlackElo "2232"]
[PlyCount "78"]
[EventDate "2010.09.12"]
[EventType "team-tourn"]
[EventRounds "11"]
[EventCountry "HUN"]
[SourceTitle "EXT 2012"]
[Source "ChessBase"]
[SourceDate "2011.11.24"]
[SourceVersion "1"]
[SourceVersionDate "2011.11.24"]
[SourceQuality "1"]
[WhiteTeam "Turul"]
[BlackTeam "Zsambek"]
[WhiteTeamCountry "HUN"]
[BlackTeamCountry "HUN"]

1. e4 c6 2. Nc3 d5 3. Qf3 dxe4 4. Nxe4 Nf6 5. d3 Nbd7 6. Bd2 Qc7 7. 0-0-0 Nxe4 8. dxe4 Nf6 9. h3 Be6 10. Ne2 g6 11. Nf4 Bd7 12. g4 g5 13. Nd3 h5 14. Bxg5 hxg4 15. Qe3 Qb6 16. Nc5 0-0-0 17. Bc4 Bg7 18. Qa3 Rh5 19. h4 e6 20. e5 Nd5 21. Bxd8 Kxd8 22. Nd3 Qd4 23. Bxd5 exd5 24. Qd6 Bxe5 25. Nxe5 Qf4+ 26. Kb1 Rxe5 27. h5 Qf5 28. h6 Re8 29. h7 Rh8 30. Qh6 Qg6 31. Qh4+ f6 32. Qh2 Kc8 33. Rde1 Qg7 34. Qh5 Kd8 35. a3 Kc7 36. Qh2+ Kb6 37. Qh5 Kc5 38. Re2 Kd6 39. Qh2+ g3 1-0

[Event "HUN-chT2 Breyer 1011"]
[Site "Hungary"]
[Date "2011.05.01"]
[Round "10.1"]
[White "Nemeth, Zoltan"]
[Black "Burghardt, Jozsef"]
[Result "1-0"]
[WhiteElo "2330"]
[BlackElo "2151"]
[PlyCount "69"]
[EventDate "2010.09.12"]
[EventType "team-tourn"]
[EventRounds "11"]
[EventCountry "HUN"]
[SourceTitle "EXT 2012"]
[Source "ChessBase"]
[SourceDate "2011.11.24"]
[SourceVersion "1"]
[SourceVersionDate "2011.11.24"]
[SourceQuality "1"]
[WhiteTeam "Sarkany"]
[BlackTeam "Turul"]
[WhiteTeamCountry "HUN"]
[BlackTeamCountry "HUN"]

1. c4 d6 2. g3 Bd7 3. Bg2 Qc8 4. b3 e5 5. Bb2 Nc6 6. e3 g6 7. d4 Bg7 8. dxe5 Nxe5 9. Nc3 Ne7 10. f4 N5c6 11. Qd2 0-0 12. h3 Re8 13. Nge2 Nb4 14. e4 a5 15. g4 f5 16. exf5 Nxf5 17. gxf5 Bxf5 18. 0-0 Nd3 19. Rf3 Nxb2 20. Qxb2 Be4 21. Rg3 Bxg2 22. Kxg2 b5 23. cxb5 Qb7+ 24. Kh2 Qb6 25. Rf1 Re3 26. Qd2 Rae8 27. Rxe3 Qxe3 28. Qd5+ Kh8 29. Rf3 Qe7 30. Kg2 h6 31. Ng3 Qe1 32. Nce4 Qa1 33. a4 Bd4 34. Ne2 Bb6 35. Qc6 1-0

[Event "HUN-chT2 Breyer 1011"]
[Site "Hungary"]
[Date "2010.10.24"]
[Round "4.1"]
[White "Burghardt, Jozsef"]
[Black "Vertetics, Attila"]
[Result "0-1"]
[WhiteElo "2151"]
[BlackElo "2345"]
[PlyCount "64"]
[EventDate "2010.09.12"]
[EventType "team-tourn"]
[EventRounds "11"]
[EventCountry "HUN"]
[SourceTitle "EXT 2012"]
[Source "ChessBase"]
[SourceDate "2011.11.24"]
[SourceVersion "1"]
[SourceVersionDate "2011.11.24"]
[SourceQuality "1"]
[WhiteTeam "Turul"]
[BlackTeam "Gyor Elektromos"]
[WhiteTeamCountry "HUN"]
[BlackTeamCountry "HUN"]

1. e4 c6 2. Nc3 g6 3. d4 d5 4. f3 Bg7 5. Be3 Qb6 6. Qd2 Qxb2 7. Rb1 Qa3 8. exd5 Nf6 9. dxc6 bxc6 10. Bd3 0-0 11. Nge2 Nbd7 12. 0-0 Nb6 13. Rb3 Qa5 14. Ne4 Qxd2 15. Nxd2 Nfd5 16. Bf2 Bh6 17. Nc4 Nxc4 18. Bxc4 Nb6 19. Bd3 Be6 20. Ra3 a5 21. Rb1 Nd5 22. Bc4 Rfc8 23. g4 f5 24. h3 Kf7 25. Bxd5 cxd5 26. c3 a4 27. Rb7 Ke8 28. Bg3 Bd7 29. Nf4 Ra5 30. Nd3 Rb5 31. Rxb5 Bxb5 32. Bf4 g5 0-1

[Event "HUN-chT2 Breyer 1011"]
[Site "Hungary"]
[Date "2010.09.26"]
[Round "2.1"]
[White "Burghardt, Jozsef"]
[Black "Gyurkovics, Bence"]
[Result "1/2-1/2"]
[WhiteElo "2151"]
[BlackElo "2176"]
[PlyCount "62"]
[EventDate "2010.09.12"]
[EventType "team-tourn"]
[EventRounds "11"]
[EventCountry "HUN"]
[SourceTitle "EXT 2012"]
[Source "ChessBase"]
[SourceDate "2011.11.24"]
[SourceVersion "1"]
[SourceVersionDate "2011.11.24"]
[SourceQuality "1"]
[WhiteTeam "Turul"]
[BlackTeam "Gyor Komszomol"]
[WhiteTeamCountry "HUN"]
[BlackTeamCountry "HUN"]

1. e4 c6 2. Nc3 d5 3. Qf3 dxe4 4. Nxe4 Nd7 5. Ne2 Ngf6 6. N2c3 g6 7. d4 Bg7 8. Be3 Nxe4 9. Nxe4 Nf6 10. Nxf6+ Bxf6 11. Bc4 Qa5+ 12. c3 Qf5 13. Qxf5 Bxf5 14. f3 h5 15. Kf2 e6 16. g3 g5 17. h3 0-0-0 18. g4 Bg6 19. Rac1 Be7 20. Ra1 Rh7 21. Rac1 Rdh8 22. Kg2 hxg4 23. hxg4 Kd7 24. Rxh7 Rxh7 25. Bb3 Bd6 26. Rh1 Rxh1 27. Kxh1 f6 28. Kg2 a6 29. Kf2 Bd3 30. Ke1 Bg6 31. Kf2 Bd3 1/2-1/2

[Event "HUN-chT2 Breyer 0809"]
[Site "Hungary"]
[Date "2009.04.19"]
[Round "11"]
[White "Burghardt, Jozsef"]
[Black "Bodrogi, Mihaly"]
[Result "1-0"]
[WhiteElo "2130"]
[BlackElo "2192"]
[PlyCount "35"]
[EventDate "2008.10.26"]
[EventType "team-tourn"]
[EventRounds "11"]
[EventCountry "HUN"]
[SourceTitle "EXT 2010"]
[Source "ChessBase"]
[SourceDate "2010.11.25"]
[SourceVersion "1"]
[SourceVersionDate "2010.11.25"]
[SourceQuality "1"]
[WhiteTeam "Esztergom"]
[BlackTeam "BEAC II"]
[WhiteTeamCountry "HUN"]
[BlackTeamCountry "HUN"]

1. e4 c5 2. Nf3 d6 3. d4 cxd4 4. Nxd4 Nf6 5. Nc3 g6 6. Be3 Bg7 7. f3 Nc6 8. Qd2 0-0 9. g4 Nxd4 10. Bxd4 Be6 11. h4 Qa5 12. h5 Rac8 13. a3 a6 14. 0-0-0 b5 15. Kb1 b4 16. axb4 Qxb4 17. h6 Rb8 18. Nd5 1-0

[Event "HUN-chT2 Breyer 0809"]
[Site "Hungary"]
[Date "2009.04.05"]
[Round "10"]
[White "Imecs, Laszlo"]
[Black "Burghardt, Jozsef"]
[Result "1/2-1/2"]
[WhiteElo "2205"]
[BlackElo "2130"]
[PlyCount "25"]
[EventDate "2008.10.26"]
[EventType "team-tourn"]
[EventRounds "11"]
[EventCountry "HUN"]
[SourceTitle "EXT 2010"]
[Source "ChessBase"]
[SourceDate "2010.11.25"]
[SourceVersion "1"]
[SourceVersionDate "2010.11.25"]
[SourceQuality "1"]
[WhiteTeam "Dunaharaszti II"]
[BlackTeam "Esztergom"]
[WhiteTeamCountry "HUN"]
[BlackTeamCountry "HUN"]

1. e4 c5 2. Nf3 g6 3. d4 cxd4 4. Nxd4 Nf6 5. Nc3 Nc6 6. Be3 Bg7 7. Be2 0-0 8. 0-0 d5 9. exd5 Nxd5 10. Nxd5 Qxd5 11. Bf3 Qc4 12. Be2 Qd5 13. Bf3 1/2-1/2

[Event "HUN-chT2 Breyer 0809"]
[Site "Hungary"]
[Date "2008.12.21"]
[Round "4"]
[White "Burghardt, Jozsef"]
[Black "Farkas, Gyula"]
[Result "1-0"]
[WhiteElo "2130"]
[BlackElo "2190"]
[PlyCount "65"]
[EventDate "2008.10.26"]
[EventType "team-tourn"]
[EventRounds "11"]
[EventCountry "HUN"]
[SourceTitle "EXT 2010"]
[Source "ChessBase"]
[SourceDate "2010.11.25"]
[SourceVersion "1"]
[SourceVersionDate "2010.11.25"]
[SourceQuality "1"]
[WhiteTeam "Esztergom"]
[BlackTeam "Kisber Aszar"]
[WhiteTeamCountry "HUN"]
[BlackTeamCountry "HUN"]

1. e4 c5 2. Nf3 Nc6 3. d4 cxd4 4. c3 dxc3 5. Nxc3 e6 6. Bc4 Qc7 7. 0-0 Nf6 8. Re1 Bb4 9. e5 Ng4 10. Bf4 Bxc3 11. bxc3 Ncxe5 12. Bxe5 Qxc4 13. Nd2 Nxf2 14. Kxf2 Qh4+ 15. Kg1 0-0 16. Re4 Qh6 17. Bd6 Re8 18. Nf3 b6 19. Qd4 f5 20. Rh4 Qf6 21. Be5 Qe7 22. Rd1 d5 23. Rh3 Ba6 24. Bxg7 Qc5 25. Rg3 Qxd4+ 26. Bxd4+ Kf8 27. Re1 Re7 28. Ng5 Rae8 29. Bf6 e5 30. Bxe7+ Rxe7 31. Rf3 Bc8 32. Rh3 Kg8 33. Rxh7 1-0

[Event "HUN-chT2 Breyer 0809"]
[Site "Hungary"]
[Date "2008.11.02"]
[Round "2"]
[White "Burghardt, Jozsef"]
[Black "Szekely, Csaba"]
[Result "1-0"]
[WhiteElo "2130"]
[BlackElo "2132"]
[PlyCount "119"]
[EventDate "2008.10.26"]
[EventType "team-tourn"]
[EventRounds "11"]
[EventCountry "HUN"]
[SourceTitle "EXT 2010"]
[Source "ChessBase"]
[SourceDate "2010.11.25"]
[SourceVersion "1"]
[SourceVersionDate "2010.11.25"]
[SourceQuality "1"]
[WhiteTeam "Esztergom"]
[BlackTeam "Vertesi Eromu"]
[WhiteTeamCountry "HUN"]
[BlackTeamCountry "HUN"]

1. e4 g6 2. d4 Bg7 3. Nc3 d6 4. Be3 Nf6 5. f3 0-0 6. Qd2 Re8 7. Nge2 Nbd7 8. g4 e5 9. d5 a5 10. Ng3 Nc5 11. 0-0-0 Nfd7 12. h4 Nf8 13. h5 Qe7 14. Be2 Bd7 15. Rh2 Rab8 16. Rdh1 b5 17. Kb1 b4 18. Nd1 c6 19. hxg6 fxg6 20. Bc4 cxd5 21. exd5 Rec8 22. Bh6 a4 23. Rg2 Bxh6 24. Qxh6 Qg7 25. Qh4 a3 26. b3 Bb5 27. Bxb5 Rxb5 28. Ne4 Nxe4 29. fxe4 Nd7 30. Rf2 Rbb8 31. g5 Rf8 32. Rfh2 Nc5 33. Qxh7+ Qxh7 34. Rxh7 Rbd8 35. Nf2 Rd7 36. Rh8+ Kf7 37. R1h7+ Ke8 38. Rxf8+ Kxf8 39. Rxd7 Nxd7 40. Nd3 Ke7 41. Nxb4 Nf8 42. Kc1 Nh7 43. Kd2 Nxg5 44. Ke3 Nh3 45. Nd3 Kd7 46. c4 g5 47. b4 Nf4 48. c5 Kc7 49. Nf2 Ng2+ 50. Kd2 Nh4 51. Ke2 Ng2 52. Nd1 g4 53. Nc3 Nf4+ 54. Ke3 dxc5 55. bxc5 g3 56. Nb5+ Kc8 57. c6 Nd3 58. Kf3 Nc5 59. d6 Nxe4 60. Na7+ 1-0

[Event "HUN-chT2 Breyer 0708"]
[Site "Hungary"]
[Date "2008.02.17"]
[Round "6"]
[White "Ivanics, Frigyes"]
[Black "Burghardt, Jozsef"]
[Result "0-1"]
[WhiteElo "2128"]
[BlackElo "2198"]
[PlyCount "82"]
[EventDate "2007.10.14"]
[EventType "team"]
[EventRounds "11"]
[EventCountry "HUN"]
[SourceTitle "EXT 2009"]
[Source "ChessBase"]
[SourceDate "2008.11.26"]
[SourceVersion "1"]
[SourceVersionDate "2008.11.26"]
[SourceQuality "1"]
[WhiteTeam "Penzugyor II"]
[BlackTeam "Esztergom"]
[WhiteTeamCountry "HUN"]
[BlackTeamCountry "HUN"]

1. e4 c5 2. Nf3 g6 3. d4 cxd4 4. Nxd4 Nf6 5. Nc3 d6 6. f3 Nc6 7. Be3 e5 8. Nb3 Be6 9. Qd2 d5 10. exd5 Nxd5 11. Nxd5 Qxd5 12. Qxd5 Bxd5 13. 0-0-0 0-0-0 14. Be2 b6 15. Rd2 Be7 16. Rhd1 Be6 17. Rxd8+ Rxd8 18. Rxd8+ Kxd8 19. c3 f5 20. Kc2 Bd5 21. a3 Bd6 22. Nd2 Ke7 23. b4 Be6 24. h3 Kf6 25. Kd3 h5 26. c4 h4 27. c5 bxc5 28. bxc5 Bc7 29. Nc4 g5 30. Bd2 Nd4 31. Bd1 Bd5 32. Nd6 Bxd6 33. cxd6 Ne6 34. Bb4 Nf4+ 35. Kc3 Bc6 36. Kc4 Nxg2 37. Kc5 Bd7 38. Bb3 Nf4 39. Ba5 Nxh3 40. Bd5 Nf4 41. Bd8+ Kg6 0-1

[Event "Budapest FS02 IM-A"]
[Site "Budapest"]
[Date "2008.02.10"]
[Round "9"]
[White "Burghardt, Jozsef"]
[Black "Porat, Maya"]
[Result "1/2-1/2"]
[WhiteElo "2185"]
[BlackElo "2190"]
[PlyCount "58"]
[EventDate "2008.02.02"]
[EventType "tourn"]
[EventRounds "11"]
[EventCountry "HUN"]
[EventCategory "2"]
[SourceTitle "CBM 122 Extra"]
[Source "ChessBase"]
[SourceDate "2008.03.04"]
[SourceVersion "1"]
[SourceVersionDate "2008.03.04"]
[SourceQuality "1"]

1. e4 c5 2. Nf3 d6 3. d4 cxd4 4. Nxd4 Nf6 5. Nc3 g6 6. Be3 Bg7 7. f3 0-0 8. Qd2 Nc6 9. g4 Be6 10. Nxe6 fxe6 11. Bc4 d5 12. exd5 Ne5 13. Be2 Nxd5 14. Nxd5 exd5 15. 0-0-0 e6 16. f4 Nc6 17. f5 exf5 18. Qxd5+ Qxd5 19. Rxd5 Rfe8 20. Bc4 Kh8 21. Bc5 fxg4 22. Rhd1 a6 23. Bb6 Bh6+ 24. Kb1 Be3 25. Bc7 Rac8 26. Bg3 Bh6 27. Bb3 Bg7 28. Rd7 b5 29. a4 Be5 1/2-1/2